Verný a pravdivý obraz: pohľad regulácie účtovníctva a audítorstva

Základná zásada podvojného účtovníctva - zásada verného a pravdivého obrazu. Zabezpečuje sa ňou cieľ účtovníctva – prezentácia verného a pravdivého obrazu finančnej situácie účtovnej jednotky, jej finančnej výkonnosti a jej peňažných tokov. Zdrojom takýchto informácií je účtovná závierka. Z vykonane...

Ausführliche Beschreibung

Gespeichert in:
Bibliographische Detailangaben
1. Verfasser: Maděra, František
Format: Buchkapitel
Sprache:Slowakisch
Schlagworte:
Tags: Tag hinzufügen
Keine Tags, Fügen Sie das erste Tag hinzu!

MARC

LEADER 00000nla a2200000 4500
001 0209506
005 20240502073500.9
041 0 |a slo 
044 |a SK 
245 1 0 |a Verný a pravdivý obraz: pohľad regulácie účtovníctva a audítorstva  |c František Maděra 
520 |a Základná zásada podvojného účtovníctva - zásada verného a pravdivého obrazu. Zabezpečuje sa ňou cieľ účtovníctva – prezentácia verného a pravdivého obrazu finančnej situácie účtovnej jednotky, jej finančnej výkonnosti a jej peňažných tokov. Zdrojom takýchto informácií je účtovná závierka. Z vykonanej analýzy vyplynulo, že právny rámec regulácie účtovníctva zastrešený slovenským zákonom o účtovníctve nie celkom primerane upravuje danú oblasť. Niekoľko návrhov na zmenu slovenskej legislatívy. 
610 2 0 |a jednotka účtovná 
610 2 0 |a účtovníctvo 
610 2 0 |a účtovníctvo podvojné 
610 2 0 |a závierka účtovná 
610 2 0 |a kvalita 
610 2 0 |a úpravy právne 
610 2 0 |a Slovensko 
100 1 |a Maděra, František